000 00893nam a2200313 i 4500
001 000009512
003 DO-SdBNP
005 20230703121259.0
007 ta
008 030627s2002 ag 000 f spa d
020 _a9500722550
040 _aDO-SdBNP
_bspa
_cBNPHU
_erda
041 _hsap
049 _aBNPD
082 4 _aCo863.44
_bR436o
_222
100 1 _aRestrepo, Laura,
_d1950-
_924330
245 1 0 _aOlor a rosas invisibles /
_cLaura Restrepo.
264 _aBuenos Aires :
_bEditorial Sudamericana,
_c2002.
300 _a63 páginas
_c20 cm.
336 _2rdacontent
_atexto
_btxt
337 _2rdamedia
_asin mediación
_bn
338 _2rdacarrier
_avolumen
_bnc
490 0 _aNouvelles
590 _aInventariado, 2023 /LP
650 4 _aNovela colombiana
_91243
650 4 _aLiteratura colombiana
_91244
910 _aValidado. Control de calidad MFF
942 _2ddc
_cLBS1
999 _c9272
_d9272